000 00747nam a2200289Ia 4500
005 20260324121002.0
008 008 260324s9999 xx 000 0 eng d
020 _a9781315858722
037 _aEBOOK
040 _aCRL
040 _beng
040 _cCRL
041 _2eng
041 _aeng
084 _qCRL
100 _aStephen Asbury; Edmund Jacobs
_91160737
245 0 _aDynamic Risk Assessment
245 4 _bThe Practical Guide to Making Risk-Based Decisions with the 3-Level Risk Management Model
260 _bTaylor and Francis
260 _c2014
365 _a
365 _b275
856 _uhttp://www.taylorfrancis.com/books/9781315858722
942 _cEBOOK
999 _c1752566
_d1752566